书目信息 |
| 题名: |
开放大国的持续稳定增长
|
|
| 作者: | 张晓晶 著 | |
| 分册: | ||
| 出版信息: | 北京 中国社会科学出版社 2016 |
|
| 页数: | 304页 | |
| 开本: | 24cm | |
| 丛书名: | ||
| 单 册: | ||
| 中图分类: | F124.1 | |
| 科图分类: | ||
| 主题词: | 中国经济--zhong guo jing ji--经济增长--研究 | |
| 电子资源: | ||
| ISBN: | 978-7-5161-8535-3 | |
| 000 | 01184nam0 22002531 450 | |
| 001 | 0119171302 | |
| 005 | 20170619171302.0 | |
| 010 | @a978-7-5161-8535-3@dCNY75.00 | |
| 100 | @a20161229d2016 em y0chiy50 ea | |
| 101 | 0 | @achi |
| 102 | @aCN@b110000 | |
| 105 | @ay z 000yy | |
| 106 | @ar | |
| 200 | 1 | @a开放大国的持续稳定增长@9kai fang da guo de chi xu wen ding zeng chang@e中国的实证@dStable and sustained growth for a large open economy@ethe case of China@f张晓晶等著@zeng |
| 210 | @a北京@c中国社会科学出版社@d2016 | |
| 215 | @a304页@d24cm | |
| 300 | @a国家社科基金重大招标课题“贯彻落实科学发展观与完善宏观调控体系”与中国社会科学院重大课题“开放经济条件下的宏观稳定研究”的阶段性成果 | |
| 330 | @a本书内容包括:开放中的经济增长与政策选择;国际资本流动、经济扭曲与宏观稳定;中国经济周期的国际关联;外部冲击与中国的通货膨胀;房地产周期与金融稳定;次贷危机对内地与香港股市的冲击等。 | |
| 510 | 1 | @aStable and sustained growth for a large open economy@ethe case of China@zeng |
| 606 | 0 | @a中国经济@9zhong guo jing ji@x经济增长@x研究 |
| 690 | @aF124.1@v5 | |
| 701 | 0 | @a张晓晶@9zhang xiao jing@4著 |
| 801 | 0 | @aCN@b百万庄@c20170616 |
| 905 | @b1012263-8@dF124.1@e307@f6 | |
| 开放大国的持续稳定增长:中国的实证=Stable and sustained growth for a large open economy:the case of China/张晓晶等著.-北京:中国社会科学出版社,2016 |
| 304页;24cm |
| 国家社科基金重大招标课题“贯彻落实科学发展观与完善宏观调控体系”与中国社会科学院重大课题“开放经济条件下的宏观稳定研究”的阶段性成果 |
| ISBN 978-7-5161-8535-3:CNY75.00 |
| 本书内容包括:开放中的经济增长与政策选择;国际资本流动、经济扭曲与宏观稳定;中国经济周期的国际关联;外部冲击与中国的通货膨胀;房地产周期与金融稳定;次贷危机对内地与香港股市的冲击等。 |
| ● |
| 相关链接 |
|
|
|
|
正题名:开放大国的持续稳定增长
索取号:F124.1/307
 
预约/预借
| 序号 | 登录号 | 条形码 | 馆藏地/架位号 | 状态 | 备注 |
| 1 | 1012263 | 210122632 | 第一样本阅览室/ [索取号:F124.1/307] | 在馆 | |
| 2 | 1012264 | 210122641 | 教育系资料室/ [索取号:F124.1/307] | 在馆 | |
| 3 | 1012265 | 210122650 | 教育系资料室/ [索取号:F124.1/307] | 在馆 | |
| 4 | 1012266 | 210122669 | 教育系资料室/ [索取号:F124.1/307] | 在馆 | |
| 5 | 1012267 | 210122678 | 第一借阅区/ [索取号:F124.1/307] | 在馆 | |
| 6 | 1012268 | 210122687 | 第一借阅区/ [索取号:F124.1/307] | 在馆 |